Opting Out: Catholic Schools Today. (Record no. 3303)

MARC details
000 -LEADER
fixed length control field 00372nam a22001217a 4500
005 - DATE AND TIME OF LATEST TRANSACTION
control field 20201123133710.0
008 - FIXED-LENGTH DATA ELEMENTS--GENERAL INFORMATION
fixed length control field 201123b ||||| |||| 00| 0 eng d
020 ## - INTERNATIONAL STANDARD BOOK NUMBER
International Standard Book Number 0852441312
040 ## - CATALOGING SOURCE
Transcribing agency CML
245 ## - TITLE STATEMENT
Title Opting Out: Catholic Schools Today.
Statement of responsibility, etc. Egan J.
260 ## - PUBLICATION, DISTRIBUTION, ETC.
Place of publication, distribution, etc. Herefordshire
Name of publisher, distributor, etc. Fowler Wright Books Ltd
Date of publication, distribution, etc. 1988
942 ## - ADDED ENTRY ELEMENTS (KOHA)
Source of classification or shelving scheme Dewey Decimal Classification
Koha item type Books
Edition 1st Edition
Classification part 373
Call number suffix EGA
Holdings
Withdrawn status Lost status Source of classification or shelving scheme Damaged status Not for loan Collection code Home library Current library Shelving location Date acquired Total Checkouts Full call number Date last seen Copy number Price effective from Koha item type
    Dewey Decimal Classification     Social Sciences Chalimbana Main Library Chalimbana Main Library Social Sciences 11/23/2020   373.429 EGA 11/23/2020 1 11/23/2020 Books

Powered by Koha